Т. 44, № 4; Радиохимия

Detaylı Bibliyografya
Parent link:Радиохимия: научный журнал/ Российская Академия наук. Т. 44, № 4.— , 1960-
Dil:Rusça
Baskı/Yayın Bilgisi: 2002
Materyal Türü: MixedMaterials Kitap
KOHA link:https://koha.lib.tpu.ru/cgi-bin/koha/opac-detail.pl?biblionumber=382819

MARC

LEADER 00000nam2a2200000 4500
001 382819
005 20231101063028.0
035 |a (RuTPU)RU\TPU\prd\7325 
090 |a 382819 
100 |a 20021009a20029999k y0rusy50 ca 
101 0 |a rus 
102 |a RU 
200 0 |a Т. 44, № 4 
210 |d 2002 
461 1 |0 (RuTPU)RU\TPU\prd\1708  |t Радиохимия  |o научный журнал  |f Российская Академия наук  |v Т. 44, № 4  |d 1960- 
801 0 |a RU  |b 63413507  |c 20010227  |g PSBO 
801 1 |a RU  |b 63413507  |c 20021009  |g PSBO 
801 2 |a RU  |b 63413507  |c 20131115  |g RCR 
942 |c BK 
999 |a НТБ_ТПУ  |b НФ  |e -1/20020212  |p П-6650  |s 1/20020226  |u 0,00  |v 1